000
00428nam a2200145Ia 4500
008
090124s9999 xx 000 0 und d
082
_b
204914
245
_a
चुनमुन आजाद है
250
_a
1
260
_b
मोहिन्द्रा कमलेश
_c
1999
300
_a
14
630
_a
चुनमुन आजाद है
730
_a
चुनमुन आजाद है
942
_c
BOOK
999
_c
186495
_d
186495